000
00374nam a22001577a 4500
003
MPLRDC
005
20220104114732.0
008
210129b ||||| |||| 00| 0 eng d
082
_a
857.48 XXS-6
100
_a
不详
245
_a
金瓶梅
_c
260
_a
_b
钟文出版社
_c
300
_b
平
650
_a
话本小说及章回--金瓶梅
942
_c
BK
_o
857.48 XXS-6
999
_c
9817
_d
9807